| 000 | 01001cam a2200253 a 4500 | ||
|---|---|---|---|
| 020 | _a0801836166 (pbk.) | ||
| 020 | _a0801836158 (hard) | ||
| 040 | _cDLC | ||
| 082 | 0 | 0 | _a351 PUB 1987 A068 Or. |
| 100 | 1 | _aCasley, D. J. | |
| 245 | 1 | 0 | _aProject monitoring and evaluation in agriculture / |
| 260 |
_aBaltimore : _bpublished for the World Bank [by] the Johns Hopkins University Press, _cc1987. |
||
| 300 |
_axiii, 159 p. : _bill. ; _c24 cm. |
||
| 500 | _a"Published for the World Bank." | ||
| 500 | _a"A joint study: the World Bank, International Fund for Agricultural Development, Food and Agriculture Organization of the United Nations"--P. [4] of cover. | ||
| 500 | _aIncludes index. | ||
| 650 | 0 | _aAgricultural development projects | |
| 650 | 0 | _aAgricultural development projects | |
| 700 | 1 | _aKumar, Krishna, | |
| 710 | 2 | _aWorld Bank. | |
| 710 | 2 | _aInternational Fund for Agricultural Development. | |
| 710 | 2 | _aFood and Agriculture Organization of the United Nations. | |
| 942 | _cEK | ||
| 999 |
_c14681 _d14681 |
||